MARC

LEADER 00000nam0a2200000 4500
001 357548
005 20231102011013.0
035 |a (RuTPU)RU\TPU\retro\14816 
090 |a 357548 
100 |a 20200806d1978 km y0rusy50 ca 
101 0 |a rus 
102 |a RU 
105 |a a z 001zy 
200 1 |a Программное управление на узлах коммутации  |f В. Г. Лазарев, Е. И. Пийль, Е. Н. Тарута 
210 |a Москва  |c Связь  |d 1978 
215 |a 265 с.  |c ил. 
320 |a Предм. указ.: с.258-262 
606 1 |a Телефонные станции, автоматические электронные  |x Коммутация  |2 stltpush  |3 (RuTPU)RU\TPU\subj\59364  |9 76924 
610 1 |a программное управление 
610 1 |a управляющие устройства 
610 1 |a структура 
610 1 |a память 
610 1 |a каналы 
610 1 |a ЭВМ 
610 1 |a математическое обеспечение 
610 1 |a микропрограммирование 
610 1 |a проектирование 
610 1 |a микропроцессорная аппаратура 
610 1 |a надежность 
610 1 |a автоматизированное проектирование 
675 |a 621.395.345  |v 4 
700 1 |a Лазарев  |b В. Г.  |g Владимир Георгиевич 
701 1 |a Пийль  |b Е. И.  |g Елена Ивановна 
701 1 |a Тарута  |b Е. Н.  |g Евгений Николаевич 
801 1 |a RU  |b 63413507  |c 20200806 
801 2 |a RU  |b 63413507  |c 20210304  |g RCR 
942 |c BK